EA FC26 All Gold Ghana Players - Statistics

General Stats
  • This quiz has been taken 29 times
  • The average score is 5 of 11
Answer Stats
Rate Club Answer % Correct
83 Athletic Club Inaki Williams
95%
80 Spurs Mohammed Kudus
86%
80 Bournemouth Antoine Semenyo
67%
83 Villarreal Thomas Partey
67%
76 Leicester City Abdul Fatawu
57%
76 AS Monaco Mohammed Salisu
38%
75 Celta Joseph Aidoo
33%
75 Lyon Ernest Nuamah
19%
76 LA Galaxy Joseph Paintsil
19%
77 Rayo Vallecano Abdul Mumin
14%
76 PAOK Rahman Baba
5%
No matching quizzes found
Score Distribution
Percent of People with Each Score
Percentile by Number Answered
Your Score History
You have not taken this quiz